| 000 | 01291nab a22002537a 4500 | ||
|---|---|---|---|
| 999 |
_c5950 _d5950 |
||
| 003 | OSt | ||
| 005 | 20260114123656.0 | ||
| 008 | 190605e xxu||||| |||| 00| 0 spa d | ||
| 040 | _cPJ | ||
| 100 |
_94886 _aElmelaj, María Laura |
||
| 245 | 1 | 0 |
_a¿De qué hablamos cuando hablamos de Tutela Sindical? Problemas actuales, soluciones posibles / _cMaría Laura Elmelaj. |
| 260 |
_aCiudad Autónoma de Buenos Aires : _bThomson Reuters La Ley, _c2024. |
||
| 300 | _ap. 5-16 | ||
| 500 | _aCita: TR LALEY AR/DOC/1437/2024. | ||
| 505 | _aSumario: I. Introducción.— II. La discriminación como base de toda protección.— III. Personería gremial y simple inscripción.— IV. Comienzo de la Tutela Sindical.— V. El acto electivo.— VI. Extinción de la TS.— VII. ¿Reinstalación o distracto?— VIII. Conclusiones. | ||
| 505 | _t¿Te interesa el texto completo? Solicitalo al correo: koha@justierradelfuego.gov.ar | ||
| 650 | 0 |
_91316 _aDERECHO LABORAL |
|
| 650 | 0 |
_93784 _aASOCIACIONES CIVILES |
|
| 650 | 0 |
_95902 _aTUTELA SINDICAL |
|
| 650 | 0 |
_91371 _aPERSONERIA GREMIAL |
|
| 650 | 0 |
_91461 _aLIBERTAD SINDICAL |
|
| 773 | 0 |
_02711 _93168 _dCiudad Autónoma de Buenos Aires : Thomson Reuters La Ley, 1999-2002. _tRevista de derecho del trabajo. Nº 4 - Julio 2024 |
|
| 942 |
_2udc _cANA |
||